Días de infancia

Gespeichert in:
Bibliographische Detailangaben
Hauptverfasser: Barrios de Estrella Gutiérrez, Josefina Autora, Igarot Ilustrador Estrella Gutiérrez, Fermín Profesor de literatura en la Escuela Normal de Profesores Mariano Acosta, Inspector técnico en el Consejo Nacional de Educación, ex-Vicepresidente de la Sociedad Argentina de Escritores, ex-Secretario rentado de la Academia Argentina de Letras, etc. (VerfasserIn)
Format: keine Angabe
Sprache:Spanisch
Erschienen: 2-Buenos Aires,Argentina Kapelusz 1960
Ausgabe:6ª ed.
Katalog:MANES:  Suchergebnis im Bibliothekskatalog
Schulbuchspezifische Eigenschaften:
Tags: Tag hinzufügen
Keine Tags, Fügen Sie den ersten Tag hinzu!
Hinzugefügt zu:26.04.2016

MARC

LEADER 000000000a22000000004500
001 14287
003 OSt
008 160427s sp ||||| |||| 00| 0 spa d
041 1 |a spa 
040 |c centro_manes 
691 7 |a PRI 
100 1 |a Barrios de Estrella Gutiérrez, Josefina  |b Autora  |9 10132 
690 0 |a EyL 
700 1 |a Igarot  |b Ilustrador  |9 10143  |9 10133  |a Estrella Gutiérrez, Fermín  |b Profesor de literatura en la Escuela Normal de Profesores Mariano Acosta, Inspector técnico en el Consejo Nacional de Educación, ex-Vicepresidente de la Sociedad Argentina de Escritores, ex-Secretario rentado de la Academia Argentina de Letras, etc.  |e Autor 
245 0 0 |a Días de infancia 
250 |a 6ª ed. 
260 3 |a 2-Buenos Aires,Argentina  |b Kapelusz  |c 1960 
300 |a 203 p.  |c 15 x 19 cm. 
500 |a Aprobado por el Consejo Nacional de Educación. Tema aborigen.  |a nivel: Libro para quinto. 
942 |2 ddc  |c BK 
546 |a Argentina 
999 |c 20261  |d 20261 
999 |c manes:20261  |d 20261